00605cam a22001931 4500001000500000005001700005020001700022040004000039050001900079082001100098100003500109245004700144260003100191300004100222505000800263520010000271521002000371521002000391159120230908121753.0 a076714004993 aDLCcODaWUdOCoLCdTCollAdDLCbeng00aPZ10.3.H43bBl a813.541 aHenry, Marguerite,d1902-1997.10aBlack Gold.cIllustrated by Wesley Dennis. bSimon & Schuster,Incc1957 a172 pages :billustrations ;c21 cm  aU  aA heroic small-boned horse with a will to win is finally ridden to glory by his devoted jockey. a820 bLexile  aU bRaz-Plus